000 00305nam a2200133Ia 4500
008 150301s2015 xx 000 0 und d
082 _a615.1
_bP14N
100 _aPRATIBHA NAND
245 _aPHARMACEUTICAL DISPERSING
260 _bCBS- DELHI
300 _a200
650 _aPHARMACY
942 _2ddc
_cBK
_02
999 _c7082
_d7082